[Event "Leca da Palmeira op"]
[Site "Leca da Palmeira"]
[Date "2022.08.01"]
[Round "3"]
[White "Balje, Jan"]
[Black "Krishna, C Revanth Gopala"]
[Result "0-1"]
[WhiteElo "2190"]
[BlackElo "2430"]
[PlyCount "52"]
[EventDate "2022.07.31"]
[EventType "swiss"]
[EventRounds "9"]
[EventCountry "POR"]
[SourceTitle "CBM 209 Extra"]
[Source "ChessBase"]
[SourceDate "2022.09.30"]
[SourceVersion "1"]
[SourceVersionDate "2022.09.30"]
[SourceQuality "1"]

1. d4 f5 2. g3 Nf6 3. Bg2 g6 4. Nf3 Bg7 5. 0-0 0-0 6. c4 d6 7. Nc3 Nc6 8. d5 Ne5 9. Nxe5 dxe5 10. Qb3 Kh8 11. c5 h6 12. Rd1 g5 13. Bd2 e4 14. f3 exf3 15. exf3 f4 16. gxf4 gxf4 17. Bxf4 Nh5 18. Bg3 a5 19. d6 exd6 20. cxd6 Nxg3 21. hxg3 cxd6 22. Ne4 a4 23. Qe3 d5 24. a3 d4 25. Qd2 Ra6 26. Rac1 Rg6 0-1

[Event "NED-chT 2122"]
[Site "Netherlands"]
[Date "2022.03.12"]
[Round "7.9"]
[White "Willemsma, Abe"]
[Black "Balje, Jan"]
[Result "1/2-1/2"]
[WhiteElo "2084"]
[BlackElo "2197"]
[PlyCount "69"]
[EventDate "2021.09.18"]
[EventType "team-tourn"]
[EventRounds "9"]
[EventCountry "NED"]
[SourceTitle "EXT 2023"]
[Source "ChessBase"]
[SourceDate "2022.10.05"]
[SourceVersion "1"]
[SourceVersionDate "2022.10.05"]
[SourceQuality "1"]
[WhiteTeam "Caissa"]
[BlackTeam "Groningen Combinatie"]
[WhiteTeamCountry "NED"]
[BlackTeamCountry "NED"]

1. c4 c6 2. e4 d5 3. exd5 cxd5 4. cxd5 Nf6 5. Qa4+ Nbd7 6. Nc3 g6 7. Nf3 Bg7 8. Bc4 0-0 9. d3 a6 10. Qc2 b5 11. Bb3 Nb6 12. 0-0 Bb7 13. Bg5 Rc8 14. Qd2 Nbxd5 15. Ne4 Qb6 16. Bh6 Rfd8 17. Bxg7 Kxg7 18. Rac1 a5 19. a3 h6 20. h3 Nxe4 21. dxe4 Nf6 22. Qf4 Bxe4 23. Ne5 Rxc1 24. Rxc1 Bd5 25. Bxd5 Rxd5 26. Re1 Rd4 27. Qf3 Rd2 28. b3 e6 29. Rc1 Qd6 30. Re1 Qd5 31. Qc3 b4 32. Qc7 Nd7 33. Nxd7 Qxd7 34. Qxa5 bxa3 35. Qxa3 1/2-1/2

[Event "Marienske Lazne op 20th"]
[Site "Marianske Lazne"]
[Date "2022.01.20"]
[Round "7"]
[White "Paseka, Matyas"]
[Black "Balje, Jan"]
[Result "0-1"]
[WhiteElo "2052"]
[BlackElo "2198"]
[PlyCount "108"]
[EventDate "2022.01.15"]
[EventType "swiss"]
[EventRounds "9"]
[EventCountry "CZE"]
[SourceTitle "CBM 206 Extra"]
[Source "ChessBase"]
[SourceDate "2022.03.31"]
[SourceVersion "1"]
[SourceVersionDate "2022.03.31"]
[SourceQuality "1"]

1. e4 c6 2. d4 d5 3. Nd2 dxe4 4. Nxe4 Bf5 5. Ng3 Bg6 6. h4 h6 7. f4 e6 8. Nf3 Bd6 9. h5 Bh7 10. Bd3 Bxd3 11. Qxd3 Nf6 12. Bd2 Qc7 13. Ne5 c5 14. 0-0-0 cxd4 15. Qxd4 Nc6 16. Nxc6 bxc6 17. Rhf1 0-0 18. Bc3 Rfd8 19. Ne2 c5 20. Qa4 Be7 21. Rxd8+ Rxd8 22. Ba5 Qd7 23. Qb3 Rc8 24. Kb1 c4 25. Qf3 Qb5 26. Bc3 Qxh5 27. Qxh5 Nxh5 28. Rd1 Rd8 29. Rxd8+ Bxd8 30. a4 Bc7 31. g3 g5 32. fxg5 hxg5 33. Bd4 Bb6 34. Be5 f6 35. Bd6 g4 36. b4 cxb3 37. c4 Kf7 38. c5 Ba5 39. c6 Ke8 40. Nd4 e5 41. Nf5 Kd8 42. Kb2 Bc7 43. Be7+ Kc8 44. Kxb3 e4 45. Kc2 Nxg3 46. Nxg3 Bxg3 47. Bxf6 Kc7 48. Bd4 a6 49. Kd2 Bf4+ 50. Ke2 Kxc6 51. Bc3 Kc5 52. Be1 g3 53. Kf1 Kc4 54. Kg2 Kd3 0-1

[Event "Groningen op 57th"]
[Site "Groningen"]
[Date "2019.12.29"]
[Round "8"]
[White "Balje, Jan"]
[Black "Hilwerda, Jonas"]
[Result "1/2-1/2"]
[WhiteElo "2179"]
[BlackElo "2228"]
[PlyCount "42"]
[EventDate "2019.12.21"]
[EventType "swiss"]
[EventRounds "9"]
[EventCountry "NED"]
[SourceTitle "CBM 194 Extra"]
[Source "ChessBase"]
[SourceDate "2020.03.31"]
[SourceVersion "1"]
[SourceVersionDate "2020.03.31"]
[SourceQuality "1"]

1. d4 Nf6 2. c4 g6 3. Nc3 Bg7 4. e4 d6 5. Nf3 0-0 6. h3 e5 7. d5 Nh5 8. g3 f5 9. exf5 gxf5 10. Nh4 Nf4 11. Bd2 Bd7 12. Qc2 a5 13. gxf4 Qxh4 14. fxe5 dxe5 15. Rg1 Kh8 16. 0-0-0 Bf6 17. f4 e4 18. Be3 Na6 19. a3 Rg8 20. Rxg8+ Rxg8 21. c5 Rg6 1/2-1/2

[Event "Ghent Eastman op 42nd"]
[Site "Ghent"]
[Date "2019.07.23"]
[Round "8"]
[White "Balje, Jan"]
[Black "Tarassiouk, Andrei"]
[Result "1/2-1/2"]
[WhiteElo "2211"]
[BlackElo "1976"]
[PlyCount "56"]
[EventDate "2019.07.20"]
[EventType "swiss"]
[EventRounds "9"]
[EventCountry "BEL"]
[SourceTitle "CBM 191 Extra"]
[Source "ChessBase"]
[SourceDate "2019.09.30"]
[SourceVersion "1"]
[SourceVersionDate "2019.09.30"]
[SourceQuality "1"]

1. d4 Nf6 2. c4 e6 3. Nc3 Bb4 4. g3 Nc6 5. Bg2 d6 6. e4 e5 7. d5 Bxc3+ 8. bxc3 Nb8 9. Qe2 Nbd7 10. Nf3 Nc5 11. Nd2 Qe7 12. 0-0 0-0 13. Nb3 b6 14. f4 Re8 15. f5 Nfd7 16. f6 Nxf6 17. Nxc5 bxc5 18. Bg5 h6 19. Bxf6 gxf6 20. Qh5 Kh7 21. Bh3 Bxh3 22. Qxh3 Rg8 23. Qf5+ Rg6 24. Rab1 Kg7 25. Rb7 a5 26. Rfb1 Rg5 27. Qh3 Qd8 28. a4 Kg6 1/2-1/2

[Event "Ghent Eastman op 42nd"]
[Site "Ghent"]
[Date "2019.07.20"]
[Round "2"]
[White "Balje, Jan"]
[Black "Wubben, Marcel"]
[Result "1-0"]
[WhiteElo "2211"]
[BlackElo "2018"]
[PlyCount "67"]
[EventDate "2019.07.20"]
[EventType "swiss"]
[EventRounds "9"]
[EventCountry "BEL"]
[SourceTitle "CBM 191 Extra"]
[Source "ChessBase"]
[SourceDate "2019.09.30"]
[SourceVersion "1"]
[SourceVersionDate "2019.09.30"]
[SourceQuality "1"]

1. d4 Nf6 2. c4 g6 3. Nc3 Bg7 4. e4 d6 5. Nf3 0-0 6. h3 e5 7. d5 a5 8. Be3 Na6 9. g4 c6 10. Nd2 Nc5 11. Be2 a4 12. a3 Qa5 13. Kf1 Bd7 14. h4 Ne8 15. g5 Nc7 16. h5 cxd5 17. cxd5 Nb5 18. Nxb5 Bxb5 19. Kg2 Rac8 20. Bxc5 Rxc5 21. h6 Bh8 22. b4 axb3 23. Nxb3 Bxe2 24. Qxe2 Qb5 25. Qxb5 Rxb5 26. Rab1 f6 27. Nd2 Ra5 28. Nc4 Ra4 29. Rhc1 fxg5 30. Rxb7 Bf6 31. Nxd6 Rxa3 32. Rcc7 Ra2 33. Rxh7 Bh8 34. Rhf7 1-0

[Event "Hoogeveen op 21st"]
[Site "Hoogeveen"]
[Date "2017.10.22"]
[Round "2"]
[White "Kuipers, Stefan"]
[Black "Balje, Jan"]
[Result "1-0"]
[WhiteElo "2411"]
[BlackElo "2191"]
[PlyCount "77"]
[EventDate "2017.10.21"]
[EventType "swiss"]
[EventRounds "9"]
[EventCountry "NED"]
[SourceTitle "CBM 181 Extra"]
[Source "ChessBase"]
[SourceDate "2017.12.12"]
[SourceVersion "1"]
[SourceVersionDate "2017.12.12"]
[SourceQuality "1"]

1. e4 c6 2. d4 d5 3. exd5 cxd5 4. Bd3 Nc6 5. c3 Qc7 6. Ne2 Bg4 7. 0-0 e6 8. Qe1 Bd6 9. f3 Bh5 10. Qh4 Bg6 11. Bxg6 fxg6 12. Bf4 Nge7 13. Bxd6 Qxd6 14. Qf4 e5 15. dxe5 Qxe5 16. Qxe5 Nxe5 17. Na3 Kf7 18. Rad1 Rhd8 19. Nc2 Rac8 20. Rfe1 Nc4 21. Nf4 Rd6 22. b3 Nb6 23. Rd3 g5 24. Ne2 g6 25. Red1 a6 26. Ne3 Rdc6 27. Kf2 R6c7 28. Rd4 a5 29. a4 Nc6 30. Rg4 Ne7 31. Rxg5 h5 32. h4 Rc6 33. Rd4 Re6 34. Rf4+ Kg7 35. Nd4 Rf6 36. Rxf6 Kxf6 37. Nb5 Rc6 38. f4 Re6 39. Nd4 1-0

[Event "Groningen Combinatie op"]
[Site "Groningen"]
[Date "2017.05.28"]
[Round "6"]
[White "Ernst, Sipke"]
[Black "Balje, Jan"]
[Result "1-0"]
[WhiteElo "2550"]
[BlackElo "2219"]
[PlyCount "53"]
[EventDate "2017.05.25"]
[EventType "swiss"]
[EventRounds "7"]
[EventCountry "NED"]
[SourceTitle "CBM 178 Extra"]
[Source "ChessBase"]
[SourceDate "2017.06.22"]
[SourceVersion "1"]
[SourceVersionDate "2017.06.22"]
[SourceQuality "1"]

1. d4 d5 2. c4 c6 3. Nf3 Nf6 4. Nc3 dxc4 5. a4 Bf5 6. Ne5 Nbd7 7. Nxc4 Qc7 8. g3 e5 9. dxe5 Nxe5 10. Bf4 Nfd7 11. Bg2 g5 12. Ne3 gxf4 13. Nxf5 0-0-0 14. Qc2 fxg3 15. hxg3 h5 16. 0-0 a5 17. Rfc1 Nc5 18. Nb5 cxb5 19. axb5 Kb8 20. Qc3 Ne6 21. Qe3 Bc5 22. b6 Qxb6 23. Qxe5+ Ka7 24. b4 Bxb4 25. Ne3 Rc8 26. Rcb1 Qa6 27. Rxb4 1-0

[Event "SA-2017-0-00573"]
[Site "LSS email"]
[Date "2017.04.27"]
[Round "?"]
[White "Balje, Jan"]
[Black "Sciarretta, Robert W"]
[Result "1/2-1/2"]
[WhiteElo "2096"]
[BlackElo "2201"]
[PlyCount "38"]
[EventDate "2017.03.16"]
[EventType "tourn (corr)"]
[EventRounds "6"]
[EventCountry "GER"]
[SourceTitle "Corr 2022"]
[Source "ChessBase"]
[SourceDate "2021.10.24"]
[SourceVersion "1"]
[SourceVersionDate "2021.10.24"]
[SourceQuality "1"]

1. d4 Nf6 2. c4 e6 3. g3 d5 4. Nf3 Bb4+ 5. Bd2 Be7 6. Bg2 0-0 7. 0-0 c6 8. Qc2 b6 9. Bf4 Nbd7 10. Rd1 Bb7 11. Nc3 dxc4 12. Ne5 Nxe5 13. dxe5 Nd5 14. Ne4 Ba6 15. Nd6 Qc7 16. Bd2 b5 17. a4 Bxd6 18. axb5 Bxe5 19. bxa6 Rab8 1/2-1/2

[Event "SA-2017-0-00573"]
[Site "LSS email"]
[Date "2017.04.27"]
[Round "?"]
[White "Ilyin, Igor"]
[Black "Balje, Jan"]
[Result "1/2-1/2"]
[WhiteElo "2109"]
[BlackElo "2096"]
[PlyCount "40"]
[EventDate "2017.03.16"]
[EventType "tourn (corr)"]
[EventRounds "6"]
[EventCountry "GER"]
[SourceTitle "Corr 2022"]
[Source "ChessBase"]
[SourceDate "2021.10.24"]
[SourceVersion "1"]
[SourceVersionDate "2021.10.24"]
[SourceQuality "1"]

1. d4 Nf6 2. c4 e6 3. g3 d5 4. Nf3 Be7 5. Bg2 0-0 6. 0-0 dxc4 7. Ne5 c5 8. dxc5 Qc7 9. Nxc4 Qxc5 10. Nbd2 Rd8 11. b3 Qc7 12. Bb2 Nc6 13. a3 Bd7 14. Rc1 Rac8 15. Rc2 b5 16. Ne5 Qd6 17. Ne4 Qxd1 18. Rxd1 Nxe5 19. Rxc8 Bxc8 20. Rxd8+ Bxd8 1/2-1/2

[Event "SA-2017-0-00566"]
[Site "LSS email"]
[Date "2017.02.20"]
[Round "?"]
[White "Balje, Jan"]
[Black "Wieland, Markus"]
[Result "1/2-1/2"]
[WhiteElo "2096"]
[BlackElo "2174"]
[PlyCount "41"]
[EventDate "2017.01.30"]
[EventType "tourn (corr)"]
[EventRounds "6"]
[EventCountry "GER"]
[SourceTitle "Corr 2022"]
[Source "ChessBase"]
[SourceDate "2021.10.24"]
[SourceVersion "1"]
[SourceVersionDate "2021.10.24"]
[SourceQuality "1"]

1. d4 Nf6 2. c4 g6 3. g3 c6 4. Nf3 d5 5. b3 Bg7 6. Bg2 0-0 7. 0-0 dxc4 8. bxc4 c5 9. Bb2 Qb6 10. Qb3 Ne4 11. e3 Nc6 12. Ne5 Nd6 13. Nxc6 bxc6 14. dxc5 Qxc5 15. Bxg7 Kxg7 16. Nd2 Be6 17. Rfc1 Rab8 18. Qc3+ f6 19. Nb3 Qxc4 20. Qa5 Qb4 21. Qxa7 1/2-1/2

[Event "NED-chT 1617"]
[Site "Netherlands"]
[Date "2016.11.26"]
[Round "4.6"]
[White "Draftian, Ashote"]
[Black "Balje, Jan"]
[Result "1/2-1/2"]
[WhiteElo "2283"]
[BlackElo "2230"]
[PlyCount "86"]
[EventDate "2016.09.17"]
[EventType "team-tourn"]
[EventRounds "9"]
[EventCountry "NED"]
[SourceTitle "EXT 2018"]
[Source "ChessBase"]
[SourceDate "2017.10.13"]
[SourceVersion "1"]
[SourceVersionDate "2017.10.13"]
[SourceQuality "1"]
[WhiteTeam "Sas van Gent"]
[BlackTeam "Groningen Combinatie"]
[WhiteTeamCountry "NED"]
[BlackTeamCountry "NED"]

1. f4 d5 2. e3 g6 3. Nf3 Bg7 4. d4 c5 5. Bd3 Nh6 6. 0-0 Bf5 7. c3 Qc7 8. b3 0-0 9. a4 Bxd3 10. Qxd3 Nd7 11. Ba3 Rfd8 12. Nbd2 e6 13. Ne5 b6 14. Rac1 Rac8 15. h3 Nf5 16. Rf3 Nd6 17. Rff1 Nf5 18. Bb2 Nd6 19. e4 dxe4 20. Nxe4 Nxe4 21. Qxe4 Nf6 22. Qf3 Nd5 23. c4 Ne7 24. dxc5 Qxc5+ 25. Kh1 Nc6 26. Rce1 Rc7 27. Nxc6 Qxc6 28. Qxc6 Rxc6 29. Be5 Bxe5 30. fxe5 Rc5 31. Rf3 Rd2 32. Kh2 Rc7 33. Rfe3 a5 34. R1e2 Rcd7 35. Rxd2 Rxd2 36. Kg3 Kg7 37. Kf3 f6 38. g4 g5 39. Ke4 Kg6 40. exf6 Kxf6 41. Rc3 Re2+ 42. Kd4 Rd2+ 43. Ke4 Re2+ 1/2-1/2